Statistics for 1990s Movies by Plot

Click here to take the quiz!

General Stats

  • This quiz has been taken 8,324 times
  • The average score is 11 of 18

Answer Stats

Year Clue Movie % Correct
1995Cowboy toy is threatened by new astronaut toyToy Story
98%
1997Aboard a doomed ocean liner, an upper class woman has a fling with a man from steerageTitanic
95%
1992Boy and his pet monkey get three wishes from a genieAladdin
90%
1995Magical board game brings a jungle to lifeJumanji
84%
1999The world is just a computer simulation and humans are being used as batteriesThe Matrix
73%
1999Swashbuckling adventurer must defeat an ancient Egyptian who has
been magically brought to life
The Mummy
72%
1999Musclebound death row inmate has supernatural healing powersThe Green Mile
70%
1991Peter Pan is all grown up, but must return to Neverland when his
children are kidnapped by an evil pirate
Hook
66%
1993Pacific Northwest widower finds true love when his son calls a national radio showSleepless in Seattle
60%
1992Two headbangers have a public access TV show that is purchased by an evil corporationWayne's World
59%
1996Genius girl uses telekinetic powers against a cruel school principalMatilda
55%
1999Two Jedi try to solve a galactic trade dispute with help from a Jamaican alienStar Wars: Episode I -
The Phantom Menace
54%
1995In this remake of Jane Austen's "Emma", a spoiled Beverly Hills brat
tries to make a dorky girl cool
Clueless
51%
1990Writer has a car crash and is "rescued" by his number one fanMisery
50%
1999Woman has left three men on the altar - will she find true love?Runaway Bride
49%
1997Italian man tricks his son into thinking a Nazi concentration camp is an elaborate contestLife is Beautiful
37%
1997In a fascist future, space infantry must fight against space bugsStarship Troopers
32%
1995It's not quite the weekend, and a man with no job must fight a muscular bullyFriday
17%

Score Distribution

Percentile by Number Answered

Percent of People with Each Score

Your Score History

You have not taken this quiz